Statistics for South Korea or North Korea or Japan?

Click here to take the quiz!

General Stats

  • This quiz has been taken 38 times
  • The average score is 9 of 15

Answer Stats

QuestionAnswer% Correct
Mount Fuji is in hereJapan
100%
Its capital is SeoulSouth korea
100%
Speaks JapaneseJapan
97%
China is its top AllyNorth korea
94%
Has one of the lowest GBD of Capitast in the worldNorth korea
85%
Its leader is Fumio KishidaJapan
79%
Has the largest military out of theseNorth korea
61%
Uses Renminbi as its currencyNone of them
58%
Has a GDP of 1,80 Billion USDJapan
48%
Most of their people are AtheistAll of them
42%
It had 100 000 tourists at its best tourist yearNorth Korea
42%
Has the strongest Passport in the WORLDJapan
36%
Haves the most military shipsNorth korea
30%
Its richest man is KimSouth- and North Korea
24%
Haves a very similar population to AustraliaJapan
15%

Score Distribution

Percentile by Number Answered

Percent of People with Each Score

Your Score History

You have not taken this quiz